00485nam a2200193Ia 4500008004100000041001200041082001200053100002200065245002700087260003500114300000800149365000800157520002000165546001200185630002700197650002000224655002000244730002700264101110s9999 xx 000 0 und d aENGLISH bSR33530 aBhattacharya S.S. aZoology Vol. III SYBSc c2010bSheth publishers, Mumbai a293 b170 aBiology/Zoology aENGLISH aZoology Vol. III SYBSc aBiology/Zoology aBiology/Zoology aZoology Vol. III SYBSc